|
|
|
|
| LEADER |
00962nam a2200217 a 4500 |
| 001 |
GR-MES14418 |
| 008 |
080513s2006 gr 000 0 gre d |
| 020 |
|
|
|a 9605160331
|
| 040 |
|
|
|a GrPaTEI
|b gre
|c GR-PaULI
|
| 040 |
|
|
|a GrPaTEI
|b gre
|c GR-PaULI
|
| 082 |
|
0 |
|a 519.5
|2 21
|
| 100 |
1 |
|
|a Δρόσος, Γεώργιος
|
| 245 |
1 |
0 |
|a Στατιστική & ανάλυση δεδομένων /
|c Γεώργιος Δρόσος.
|
| 260 |
|
|
|a Θεσσαλονίκη :
|b Ανικούλα,
|c 2006
|
| 300 |
|
|
|a xvi, 508σ. :
|b πίν., διαγρ. ;
|c 24εκ.
|
| 504 |
|
|
|a Περιλαμβάνει βιβλιογραφία.
|
| 650 |
|
4 |
|a Μαθηματική στατιστική
|
| 942 |
|
|
|2 ddc
|
| 952 |
|
|
|0 0
|1 0
|2 ddc
|4 0
|6 519_500000000000000_ΔΡΟ
|7 0
|9 272469
|a MSLG
|b MSLG
|c BSC
|d 2021-01-17
|e 24
|f 0
|g 0.00
|l 0
|o 519.5 ΔΡΟ
|p 2420000022993
|r 2021-01-17 00:00:00
|t 1
|w 2021-01-17
|y BK15
|x 20080513 0 ΓΑΒΡΙΝΑ 1
|x GrPaTEI
|
| 971 |
|
|
|a .b25804674
|b 16-04-20
|c 13-09-16
|
| 999 |
|
|
|c 157578
|d 157578
|